00342nam a2200145Ia 4500003000500000008004100005020001800046040001900064082000700083100002200090245003500112260002900147300000800176546001200184STCL181203s9999 xx 000 0 und d a9788131724170 aSTCLbENcSTCL 222 aRobert W. Sebesta 0aProgramming the World Wide Web bPearsonaNew Delhic2013 a734 aEnglish